[Event "Budapest Art Pub Cup 4th"]
[Site "Budapest"]
[Date "2014.04.17"]
[Round "1"]
[White "Bege, Vencel"]
[Black "Demeter, Dorina"]
[Result "1/2-1/2"]
[WhiteElo "1819"]
[BlackElo "1388"]
[PlyCount "140"]
[EventDate "2014.04.16"]
[EventType "swiss"]
[EventRounds "7"]
[EventCountry "HUN"]
[SourceTitle "EXT 2015"]
[Source "ChessBase"]
[SourceDate "2014.11.20"]
[SourceVersion "1"]
[SourceVersionDate "2014.11.20"]
[SourceQuality "1"]

1. d4 d5 2. Nf3 Nf6 3. Bg5 e6 4. Nbd2 c5 5. e3 Nc6 6. c3 Bd6 7. Bd3 e5 8. dxe5 Nxe5 9. Nxe5 Bxe5 10. Nf3 Bc7 11. Bb5+ Bd7 12. Bxf6 gxf6 13. Bxd7+ Qxd7 14. Qb3 Qc6 15. Rd1 0-0-0 16. Qc2 Qe6 17. 0-0 Rhg8 18. g3 Qg4 19. Nh4 Qxh4 20. Qf5+ Kb8 21. Rxd5 Rxd5 22. Qxd5 Qg5 23. Qxf7 Qg6 24. Qc4 h5 25. Rd1 Qg4 26. Qxg4 hxg4 27. Rd5 b6 28. Kg2 Rd8 29. Rxd8+ Bxd8 30. e4 Kc7 31. h3 gxh3+ 32. Kxh3 Kd7 33. Kg4 Ke6 34. f4 Bc7 35. c4 a6 36. a4 Bb8 37. Kh5 f5 38. e5 Bxe5 39. fxe5 Kxe5 40. Kg5 Ke6 41. Kg6 Ke5 42. Kf7 f4 43. gxf4+ Kxf4 44. Ke6 Ke4 45. Kd6 Kd4 46. Kc6 Kxc4 47. Kxb6 Kb4 48. a5 c4 49. Kxa6 Kc5 50. Kb7 Kb4 51. a6 Kb3 52. a7 Kxb2 53. a8Q c3 54. Qh8 Kb3 55. Qh3 Kb2 56. Qh4 c2 57. Qb4+ Ka2 58. Qc3 Kb1 59. Qb3+ Kc1 60. Kc6 Kd2 61. Qb2 Kd1 62. Qd4+ Ke2 63. Qc3 Kd1 64. Qd3+ Kc1 65. Kb5 Kb1 66. Qb3+ Ka1 67. Qc3+ Kb1 68. Qd3 Kb2 69. Qd2 Kb1 70. Qb4+ Ka2 1/2-1/2

[Event "Budapest Art Pub Cup 2nd"]
[Site "Budapest"]
[Date "2013.08.11"]
[Round "5"]
[White "Marton, Denes"]
[Black "Bege, Vencel"]
[Result "0-1"]
[WhiteElo "1565"]
[BlackElo "1737"]
[PlyCount "124"]
[EventDate "2013.08.09"]
[EventType "swiss"]
[EventRounds "6"]
[EventCountry "HUN"]
[SourceTitle "CBM 156 Extra"]
[Source "ChessBase"]
[SourceDate "2013.10.22"]
[SourceVersion "1"]
[SourceVersionDate "2013.10.22"]
[SourceQuality "1"]

1. d4 Nf6 2. c4 g6 3. Nc3 Bg7 4. e4 d6 5. f3 0-0 6. Be3 e5 7. Nge2 Re8 8. Qd2 c6 9. 0-0-0 Qa5 10. g4 b5 11. cxb5 cxb5 12. a3 Na6 13. Na2 Qc7+ 14. Kb1 Rb8 15. Rc1 Qb7 16. Nb4 Nxe4 17. Qe1 Nxb4 18. Qxb4 a5 19. Qxa5 exd4 20. Nxd4 Nc5 21. Re1 b4 22. Qb5 Qxb5 23. Bxb5 Rxe3 24. Rxe3 Bxd4 25. Re8+ Kg7 26. a4 Ne6 27. Rc1 Bc5 28. Bd7 Bxd7 29. Rxb8 Bxa4 30. Rf1 Bb3 31. f4 Bc4 32. Rc1 Bd3+ 33. Ka2 Nxf4 34. h4 Be2 35. g5 Bg4 36. Re1 Be6+ 37. Ka1 Ng2 38. Rh1 Ne3 39. Kb1 Bf5+ 40. Kc1 Nc4 41. b3 Ne5 42. Kd2 Nc6 43. Re8 Be6 44. Ra1 Bxb3 45. Raa8 f6 46. Rac8 Ne5 47. Rc7+ Bf7 48. Ree7 b3 49. Kc1 Ba3+ 50. Kb1 d5 51. Re6 Nc4 52. Re2 f5 53. Rb7 Na5 54. Ra7 Bb4 55. Kb2 d4 56. Re6 d3 57. Rf6 Nc4+ 58. Kxb3 Ne5+ 59. Re6 d2 60. Kc2 Bc5 61. Rxe5 Bxa7 62. Kxd2 Bf2 0-1

[Event "Budapest Art Pub Cup 2nd"]
[Site "Budapest"]
[Date "2013.08.10"]
[Round "4"]
[White "Bege, Vencel"]
[Black "Daroczy, Sandor"]
[Result "0-1"]
[WhiteElo "1737"]
[BlackElo "1955"]
[PlyCount "84"]
[EventDate "2013.08.09"]
[EventType "swiss"]
[EventRounds "6"]
[EventCountry "HUN"]
[SourceTitle "CBM 156 Extra"]
[Source "ChessBase"]
[SourceDate "2013.10.22"]
[SourceVersion "1"]
[SourceVersionDate "2013.10.22"]
[SourceQuality "1"]

1. d4 Nf6 2. Nf3 e6 3. Bf4 c5 4. e3 Qb6 5. Qc1 Nc6 6. c3 cxd4 7. exd4 Be7 8. Bd3 d6 9. 0-0 Bd7 10. Re1 Rc8 11. a3 0-0 12. Nbd2 Na5 13. b4 Nc6 14. Nc4 Qc7 15. Qd2 Nd8 16. Nb2 Qxc3 17. Qxc3 Rxc3 18. Rec1 Rxc1+ 19. Rxc1 Nc6 20. Nc4 d5 21. Nce5 a6 22. Nxd7 Nxd7 23. b5 axb5 24. Bxb5 Bxa3 25. Rc3 Be7 26. g3 Rc8 27. Kg2 f6 28. h4 Nf8 29. Rb3 Ng6 30. Be3 Bd6 31. h5 Nge7 32. g4 Kf7 33. g5 Ra8 34. Bd3 Na5 35. Rb6 Bc7 36. Rb1 f5 37. Bd2 g6 38. Bxa5 Rxa5 39. Rxb7 Bf4 40. h6 Ra3 41. Bb5 Rc3 42. Rb8 Bxb8 0-1

[Event "Budapest Art Pub Cup 2nd"]
[Site "Budapest"]
[Date "2013.08.10"]
[Round "2"]
[White "Breznyan, Annamaria"]
[Black "Bege, Vencel"]
[Result "0-1"]
[WhiteElo "1302"]
[BlackElo "1737"]
[PlyCount "86"]
[EventDate "2013.08.09"]
[EventType "swiss"]
[EventRounds "6"]
[EventCountry "HUN"]
[SourceTitle "CBM 156 Extra"]
[Source "ChessBase"]
[SourceDate "2013.10.22"]
[SourceVersion "1"]
[SourceVersionDate "2013.10.22"]
[SourceQuality "1"]

1. e4 g6 2. Nf3 Bg7 3. Bc4 d6 4. 0-0 c5 5. Nc3 a6 6. a4 Bg4 7. h3 Bd7 8. d3 Bc6 9. Bd2 Nd7 10. a5 e6 11. Re1 Ne7 12. Ra2 0-0 13. Qc1 Re8 14. Bh6 Bh8 15. Bg5 Qc7 16. Bxe7 Rxe7 17. Qg5 Rae8 18. Raa1 Bf6 19. Qd2 Bg7 20. d4 cxd4 21. Nxd4 Ne5 22. Bb3 Nd7 23. Nxc6 bxc6 24. Bc4 Nb8 25. Reb1 d5 26. exd5 exd5 27. Bb3 Nd7 28. Na4 Re2 29. Qb4 R8e4 30. Qa3 Bf8 31. Qa2 Qf4 32. Rf1 Bd6 33. g3 Qf3 34. Nc3 Bc5 35. Nxe4 Qxe4 36. Qa4 Qf3 37. Qf4 Qh5 38. Qh4 Qe5 39. Qd8+ Nf8 40. Rab1 Qxg3+ 41. Kh1 Qxh3+ 42. Kg1 Qg4+ 43. Kh2 Bxf2 0-1

[Event "Budapest Art Pub Cup 2nd"]
[Site "Budapest"]
[Date "2013.08.10"]
[Round "3"]
[White "Yip, Michael"]
[Black "Bege, Vencel"]
[Result "1-0"]
[WhiteElo "2023"]
[BlackElo "1737"]
[PlyCount "95"]
[EventDate "2013.08.09"]
[EventType "swiss"]
[EventRounds "6"]
[EventCountry "HUN"]
[SourceTitle "CBM 156 Extra"]
[Source "ChessBase"]
[SourceDate "2013.10.22"]
[SourceVersion "1"]
[SourceVersionDate "2013.10.22"]
[SourceQuality "1"]

1. d4 Nf6 2. c4 g6 3. f3 Bg7 4. e4 d6 5. Nc3 0-0 6. Be3 c5 7. Nge2 Nc6 8. dxc5 Ne5 9. Nf4 dxc5 10. Qxd8 Rxd8 11. Bxc5 e6 12. Rd1 Rxd1+ 13. Kxd1 b6 14. Be3 Ba6 15. b3 Nc6 16. Nd3 Ng4 17. Bd2 Nge5 18. Nxe5 Nxe5 19. Kc2 Nc6 20. Nb5 Rd8 21. Kc1 Bb7 22. Be2 a6 23. Nc3 Nd4 24. Re1 Rc8 25. Kb1 Rd8 26. Kc1 Rc8 27. Bf1 b5 28. Nd1 Be5 29. f4 Bd6 30. Kb1 b4 31. Bd3 a5 32. Nb2 Rd8 33. g3 Nf3 34. Re2 Bc5 35. Bc1 Bd4 36. Bc2 Bc3 37. Na4 Bd4 38. e5 Ba7 39. c5 Bc6 40. Nb6 Kf8 41. Be3 Nd4 42. Rd2 Nxc2 43. Rxd8+ Ke7 44. Rd6 Na3+ 45. Kc1 Bxb6 46. cxb6 Bb7 47. f5 Nb5 48. Bg5+ 1-0

[Event "Budapest Karacsonyi op 2nd"]
[Site "Budapest"]
[Date "2010.12.28"]
[Round "3"]
[White "Koltai, Daniel"]
[Black "Bege, Vencel"]
[Result "0-1"]
[WhiteElo "1488"]
[BlackElo "1698"]
[PlyCount "36"]
[EventDate "2010.12.27"]
[EventType "swiss"]
[EventRounds "7"]
[EventCountry "HUN"]
[SourceTitle "EXT 2022"]
[Source "ChessBase"]
[SourceDate "2021.10.06"]
[SourceVersion "1"]
[SourceVersionDate "2021.10.06"]
[SourceQuality "1"]

1. e4 e5 2. Nf3 Nc6 3. Bb5 a6 4. Ba4 b5 5. Bb3 h6 6. 0-0 Bc5 7. Nxe5 Nxe5 8. d4 Bxd4 9. Qxd4 Qf6 10. Nc3 Nf3+ 11. gxf3 Qxd4 12. Be3 Qd6 13. Rad1 Qg6+ 14. Kh1 Bb7 15. Rg1 Qh5 16. Rg3 g5 17. Bd4 Rh7 18. f4 b4 0-1